भारतीय राजनीति और संविधान / (Record no. 64769)

MARC details
000 -LEADER
fixed length control field 00796nam a22001817a 4500
005 - DATE AND TIME OF LATEST TRANSACTION
control field 20120409110430.0
020 ## - INTERNATIONAL STANDARD BOOK NUMBER
Terms of availability 250.00
International Standard Book Number 8171787010
035 ## - SYSTEM CONTROL NUMBER
System control number A-972005
037 ## - SOURCE OF ACQUISITION
Source of stock number/acquisition
Stock number dpl
082 ## - DEWEY DECIMAL CLASSIFICATION NUMBER
Classification number 343.54
100 ## - MAIN ENTRY--PERSONAL NAME
Personal name काश्यप, सुभाष
245 1# - TITLE STATEMENT
Title भारतीय राजनीति और संविधान /
Statement of responsibility, etc सुभाष काश्यप
260 ## - PUBLICATION, DISTRIBUTION, ETC. (IMPRINT)
Place of publication, distribution, etc नई दिल्ली
Name of publisher, distributor, etc राजकमल प्रकाशन
Date of publication, distribution, etc 1999
270 ## - ADDRESS
Address
City
Postal code
Telephone number
300 ## - PHYSICAL DESCRIPTION
Extent 223पृ.
Dimensions 22सेमी (सजिल्द)
942 ## - ADDED ENTRY ELEMENTS (KOHA)
Institution code [OBSOLETE] dpl
Item type Hindi Books
Call number prefix
Source of classification or shelving scheme Dewey Decimal Classification
Classification part 343.54
Call number suffix काश्यप
Holdings
Withdrawn status Lost status Not for loan Collection code Home library Current library Date acquired Cost, normal purchase price Full call number Barcode Cost, replacement price Koha item type
      Non-fiction Sarojini Nagar Sarojini Nagar 09/04/2012 250.00 343.54 काश्यप A-972005 250.00 Hindi Books

© Delhi Public Library
Hit Counter
free hit counter